000
00235nam a2200097Ia 4500
001
1207554
005
20250827022828.0
008
250824s9999 xx 000 0 und d
245
0
_a
KÜLHANBEYİ
_c
HAKAN KAĞAN
260
_b
KAPI YAYINLARI
999
_c
1207554
_d
1207554